000 02975nam a2200469 a 4500
001 ebr10427138
003 CaPaEBR
006 m u
007 cr cn|||||||||
008 091208s2009 enka sb 011 0 eng
010 _z 2009282256
015 _aGBA970954
_2bnb
016 7 _z015328464
_2Uk
020 _z9780567122568
020 _z0567122565
040 _aCaPaEBR
_cCaPaEBR
035 _a(OCoLC)676697101
050 1 4 _aDS121.65
_b.E95 2009eb
082 0 4 _a221
_222
084 _a11.20
_2bcl
245 0 0 _aExile and restoration revisited
_h[electronic resource] :
_bessays on the Babylonian and Persian periods in memory of Peter R. Ackroyd /
_cedited by Gary N. Knoppers and Lester L. Grabbe with Deirdre N. Fulton.
260 _aLondon :
_bT & T Clark,
_cc2009.
300 _ax, 225 p. :
_bill.
490 1 _aLibrary of Second Temple studies ;
_v73
490 1 _aT & T Clark library of biblical studies
500 _a"A Continuum imprint."
504 _aIncludes bibliographical references and indexes.
505 0 _aOn the identity of the the 'foreign' women in Ezra 9-10 / Bob Becking -- The Persian period as a penitential era : the 'exegetical logic' of Daniel 9.1-27 / John S. Bergma -- The mystery of the missing 'sons of Aaron' / Joseph Blenkinsopp -- From exile and restoration to exile and reconstruction / Tamara Cohn Eskenazi -- Jeshua's 'high priestly' lineage? : a reassessment of Nehemiah 12.10-11 / Deidre N. Fulton -- 'They shall come rejoicing to Zion', or did they? : the settlement of Yehud in the early Persian period / Lester L. Grabbe -- Was Jerusalem a Persian fortress? / Lester L. Grabbe -- Administration of Achaemenid Phoenicia : a case for managed autonomy / Vadim S. Jigoulov -- The relation between history and thought : reflections on the subtitle of Peter Ackroyd's Exile and restoration / Reinhard G. Kratz -- Exile and restoration in light of recent archaeology and demographic studies / Eric M. Meyers -- Going beyond the myth of the empty land : a reassessment of the early Persian period / Jill A. Middlemas -- Rebuilding Jerusalem : Zechariah's vision within visions / Kenneth A. Ristau.
533 _aElectronic reproduction.
_bPalo Alto, Calif. :
_cebrary,
_d2013.
_nAvailable via World Wide Web.
_nAccess may be limited to ebrary affiliated libraries.
630 0 0 _aBible.
_pO.T.
_xCriticism, interpretation, etc.
630 0 0 _aBible
_xHistory of Biblical events.
650 0 _aJudaism
_xHistory
_yPost-exilic period, 586 B.C.-210 A.D.
655 7 _aElectronic books.
_2local
700 1 _aAckroyd, Peter R.
700 1 _aKnoppers, Gary N.,
_d1956-
700 1 _aGrabbe, Lester L.
700 1 _aFulton, Deirdre N.
710 2 _aebrary, Inc.
830 0 _aLibrary of Second Temple studies ;
_v73.
830 0 _aT & T Clark library of biblical studies.
856 4 0 _uhttp://site.ebrary.com/lib/rucke/Doc?id=10427138
_zAn electronic book accessible through the World Wide Web; click to view
999 _c240290
_d240290